000 00778nam a2200253 i 4500
001 000049110
003 DO-SdBNP
005 20250807144532.0
007 ta
008 190719s2019 dr a 000 spa d
040 _aDO-SdBNP
_bspa
_cBNPHU
_erda
041 _aspa
082 4 _axxx
_bR426c
_222
110 1 _aRepública Dominicana
_bDirección General de Presupuesto
_974075
245 1 0 _aConozcamos el presupuesto :
_bpresupuesto ciudadano 2019.
264 1 _aSanto Domingo :
_bDirección General de Presupuesto,
_c2019.
300 _a29 páginas :
_bilustraciones ;
_c21 cm.
336 _atexto
_btxt
_2rdacontent
337 _asin mediación
_bn
_2rdamedia
338 _avolumen
_bnc
_2rdacarrier
590 _aInventariado, 2019 / DG
910 _aDG
942 _2ddc
_cLF2
999 _c48598
_d48598